[Event "AUT-ch Vor2 Internet"]
[Site "Playchess.com INT"]
[Date "2020.04.13"]
[Round "9"]
[White "Katter, Katharina"]
[Black "Hadler, Johann"]
[Result "1-0"]
[WhiteElo "1930"]
[BlackElo "1996"]
[PlyCount "35"]
[EventDate "2020.04.13"]
[EventType "swiss (blitz)"]
[EventRounds "9"]
[EventCountry "AUT"]
[SourceTitle "CBM 195 Extra"]
[Source "ChessBase"]
[SourceDate "2020.05.31"]
[SourceVersion "1"]
[SourceVersionDate "2020.05.31"]
[SourceQuality "1"]

1. d4 d5 2. Nf3 Nf6 3. c4 e6 4. e3 Be7 5. Nc3 0-0 6. Qc2 c6 7. b3 Nbd7 8. Be2 b6 9. 0-0 Bb7 10. Bb2 Rc8 11. e4 dxe4 12. Nxe4 c5 13. dxc5 Nxc5 14. Nxc5 Bxc5 15. Rad1 Qe7 16. Ng5 h6 17. Bxf6 Qxf6 18. Qh7# 1-0